000 00655nam a2200217 4500
003 OSt
005 20240708081504.0
006 a
008 240708b |||||||| |||| 00| 0 eng d
020 _a9780072829204
040 _aDWCL-Main lib.
_cOC
082 _2Seventh edition
_aCirc. 658.15 R826c 2005
100 _aJaffe, Jeffrey
245 _aCorporate finance /
250 _aSeventh edition
260 _aBoston :
_bMcGraw-Hill/Irwin,
_cc2005.
300 _axxxiii,
_b942 p. : ill. ;
_c26 cm.
504 _aIncludes bibliographical references and index.
650 _a1. Corporations-Finance.
942 _2ddc
_n0
_cBK-CIRC
_eSeventh edition
_kCirc.
999 _c2115
_d2115